00352 a2200145 4500003000500000005001700005040000900022082001500031100001900046245003900065260003200104300001300136505002800149538002900177NUST20221206125051.0 cNust a153.93,EYS a Eysenck, H.J. aKnow your Own I.Q. /cH.J. Eysenck aAmericabH.J. Eysenckc1962 a190 p .: aContents not available  aAlmirah No.47 Shelf No.4